Normal view
MARC view
Entry Personal Name
001 - CONTROL NUMBER
- control field: 24502
003 - CONTROL NUMBER IDENTIFIER
- control field: dpl
005 - DATE AND TIME OF LATEST TRANSACTION
- control field: 20101130103349.0
008 - FIXED-LENGTH DATA ELEMENTS
- fixed length control field: 101130|||a|||||| | ||| d
040 ## - CATALOGING SOURCE
- Original cataloging agency: dpl
- Transcribing agency: dpl
100 ## - HEADING--PERSONAL NAME
- Personal name: शर्मा, गायत्री
670 ## - SOURCE DATA FOUND
- Source citation: Work cat.: (dpl)41130: शर्मा, गायत्री, भारतीय वीरांगनायें /, 2007
670 ## - SOURCE DATA FOUND
- Source citation: Work cat.: (dpl)41130: शर्मा, गायत्री, भारतीय वीरांगनायें /, 2007
